The prospects for UK agriculture in the new political and economic situation (Record no. 74374)
[ view plain ]
| 000 -LEADER | |
|---|---|
| fixed length control field | 01749cam a2200205 4500 |
| 001 - CONTROL NUMBER | |
| control field | L125919 |
| 008 - FIXED-LENGTH DATA ELEMENTS--GENERAL INFORMATION | |
| fixed length control field | 040422n2004 000 0 eng u |
| 035 ## - SYSTEM CONTROL NUMBER | |
| System control number | (Sirsi) u125919 |
| 100 ## - MAIN ENTRY--PERSONAL NAME | |
| Personal name | Marsh, J. |
| 245 #4 - TITLE STATEMENT | |
| Title | The prospects for UK agriculture in the new political and economic situation |
| 260 ## - PUBLICATION, DISTRIBUTION, ETC. | |
| Date of publication, distribution, etc. | 2004 |
| 490 ## - SERIES STATEMENT | |
| Series statement | Farm Management |
| Volume/sequential designation | 11(12) April 2004, 698-719(11) |
| 520 ## - SUMMARY, ETC. | |
| Summary, etc. | Farming in the UK has been experiencing a period of rapid and radical change. This uncomfortable process is the outcome of a sustained period of economic growth that has changed the role of farming within the economy and the food supply chain. It has also reshaped public attitudes to the industry, from gratitude for greater assurance of food supply to anxiety about the impact of farming systems upon the safety of food, the environment and animal welfare. The growth in global population together with rising real incomes will certainly demand massive increases in food production but it seems improbable that this will realistically lead to a situation in which farm gate prices in the UK will rise greatly. More realistically farmers will have to adapt to more regulation and greater exposure to markets. Not all will choose or be able to respond in the same way. The paper discriminates between three broad types, commercial farmers, lifestyle farmers and residual farmers. Farmers need to think dispassionately about which of these types, if any, might correspond to their future in farming and plan their investment strategies accordingly. [Taken from journal abstract]. |
| 650 ## - SUBJECT ADDED ENTRY--TOPICAL TERM | |
| Topical term or geographic name entry element | FARMING INDUSTRY |
| 650 ## - SUBJECT ADDED ENTRY--TOPICAL TERM | |
| Topical term or geographic name entry element | AGRICULTURAL MARKET |
| 650 ## - SUBJECT ADDED ENTRY--TOPICAL TERM | |
| Topical term or geographic name entry element | ECONOMIC ISSUES |
| 650 ## - SUBJECT ADDED ENTRY--TOPICAL TERM | |
| Topical term or geographic name entry element | FARMERS |
| 690 ## - LOCAL SUBJECT ADDED ENTRY--TOPICAL TERM (OCLC, RLIN) | |
| Topical term or geographic name as entry element | RURAL-AGRICULTURE AND FORESTRY |
| 942 ## - ADDED ENTRY ELEMENTS (KOHA) | |
| Suppress in OPAC | 0 |
| Withdrawn status | Lost status | Source of classification or shelving scheme | Damaged status | Not for loan | Home library | Current library | Shelving location | Date acquired | Total Checkouts | Full call number | Barcode | Date last seen | Copy number | Price effective from | Koha item type |
|---|---|---|---|---|---|---|---|---|---|---|---|---|---|---|---|
| Dewey Decimal Classification | London | London | Journal article | 22/04/2004 | L125919 | 125919-1001 | 06/08/2019 | 1 | 06/08/2019 | Journal article |